[Event "Chigorin Memorial"]
[Site "St Petersburg"]
[Date "2016.10.17"]
[Round "3.145"]
[White "Korobitsyn, Daniil"]
[Black "Zhemchuzhina, Elizaveta"]
[Result "1/2-1/2"]
[WhiteElo "2028"]
[BlackElo "1825"]
[PlyCount "40"]
[EventDate "2016.10.15"]
[EventType "swiss"]
[EventRounds "9"]
[EventCountry "RUS"]

1. d4 Nf6 2. c4 e6 3. Nf3 b6 4. g3 Bb7 5. Bg2 Be7 6. O-O O-O 7. Nc3 d5 8. Bf4
dxc4 9. Qa4 Nd5 10. Qxc4 Nxf4 11. gxf4 Bd6 12. Ne5 Bxg2 13. Kxg2 Qh4 14. e3
Bxe5 15. fxe5 Qg4+ 16. Kh1 Qf3+ 17. Kg1 Qg4+ 18. Kh1 Qf3+ 19. Kg1 Qg4+ 20. Kh1
Qf3+ 1/2-1/2

[Event "Chigorin Memorial"]
[Site "St Petersburg"]
[Date "2016.10.17"]
[Round "3.146"]
[White "Kozyakov, Andrey"]
[Black "Sapegin, Yaroslav"]
[Result "0-1"]
[WhiteElo "1620"]
[BlackElo "2013"]
[PlyCount "120"]
[EventDate "2016.10.15"]
[EventType "swiss"]
[EventRounds "9"]
[EventCountry "RUS"]

1. e4 e5 2. Nf3 Nc6 3. Nc3 Nf6 4. Bb5 Bb4 5. O-O O-O 6. d3 d6 7. Bg5 Ne7 8.
Bxf6 gxf6 9. Nh4 c6 10. Ba4 Ng6 11. Nxg6 hxg6 12. Ne2 Bc5 13. c3 Bb6 14. d4
exd4 15. Nxd4 d5 16. exd5 Qxd5 17. Qf3 Qxf3 18. Nxf3 Be6 19. Bb3 Bxb3 20. axb3
Rfe8 21. Rfe1 Rxe1+ 22. Rxe1 Rd8 23. Kf1 Kf8 24. b4 Rd6 25. h4 Rd5 26. g4 f5
27. g5 Rd6 28. Ne5 Rd2 29. Re2 Rxe2 30. Kxe2 Ke7 31. f4 Ke6 32. Kf3 Bc7 33. Nc4
b5 34. Ne3 Bb6 35. b3 c5 36. Ke2 cxb4 37. cxb4 Bc7 38. Kf3 Bd6 39. Nc2 Kd5 40.
Ke3 Bc7 41. Ne1 a6 42. Nc2 Bb6+ 43. Kd3 Bd8 44. Ne3+ Ke6 45. Ng2 Be7 46. Kc3
Kd5 47. Ne1 Ke4 48. Nd3 Bd6 49. Nc5+ Kxf4 50. Kd4 Kg3 51. Kd5 Bf8 52. h5 gxh5
53. Ke5 f4 54. Ne4+ Kg4 55. Nf6+ Kxg5 56. Nh7+ Kg4 57. Nxf8 f3 58. Nd7 f2 59.
Nf6+ Kf3 60. Ne4 f1=Q 0-1

[Event "Chigorin Memorial"]
[Site "St Petersburg"]
[Date "2016.10.17"]
[Round "3.147"]
[White "Astakhov, Dmitrii"]
[Black "Privalov, Igor"]
[Result "0-1"]
[WhiteElo "1456"]
[BlackElo "2163"]
[PlyCount "64"]
[EventDate "2016.10.15"]
[EventType "swiss"]
[EventRounds "9"]
[EventCountry "RUS"]

1. d4 Nf6 2. c4 g6 3. Nc3 Bg7 4. e4 O-O 5. Be2 d6 6. Bg5 Nbd7 7. Qd2 e5 8. dxe5
dxe5 9. Nf3 c6 10. Rd1 Re8 11. O-O Bf8 12. Qc1 Qc7 13. a3 a5 14. Rd3 Nc5 15.
Bxf6 Nxd3 16. Bxd3 Qd6 17. Bxe5 Qxd3 18. Qf4 f5 19. Qg5 Qd7 20. Rd1 Qf7 21. Qh4
Be7 22. Qh6 Be6 23. exf5 Bxf5 24. Re1 Bf6 25. Bxf6 Rxe1+ 26. Nxe1 Qxf6 27. Qe3
Qf7 28. Qd4 Re8 29. Nf3 Qd7 30. Qc5 Bg4 31. Ne5 Qf5 32. Qe3 Qxe5 0-1

[Event "Chigorin Memorial"]
[Site "St Petersburg"]
[Date "2016.10.17"]
[Round "3.148"]
[White "Stepanov, Ivan"]
[Black "Fomin, Andrey"]
[Result "0-1"]
[WhiteElo "1760"]
[BlackElo "2150"]
[PlyCount "116"]
[EventDate "2016.10.15"]
[EventType "swiss"]
[EventRounds "9"]
[EventCountry "RUS"]

1. Nf3 d5 2. d4 Nc6 3. g3 Bg4 4. Bg2 Qd7 5. O-O Bh3 6. Nc3 Bxg2 7. Kxg2 e6 8.
Bf4 a6 9. a3 h6 10. e4 dxe4 11. Nxe4 O-O-O 12. Ne5 Qd5 13. Nxf7 Qxe4+ 14. f3
Qf5 15. Nxh8 g5 16. Be3 Bg7 17. c3 Bxh8 18. f4 g4 19. Qe2 Nge7 20. Bf2 Ng6 21.
Rae1 Rd6 22. Qe4 Bf6 23. Qxf5 exf5 24. Re2 Kd7 25. Rd1 Nge7 26. Red2 b6 27. b4
Nd5 28. Rd3 b5 29. a4 Nce7 30. axb5 axb5 31. Ra1 Rc6 32. Be1 Nc8 33. Ra5 Nd6
34. h3 h5 35. hxg4 hxg4 36. Kf1 Rb6 37. Ke2 Nc4 38. Ra2 Be7 39. Kf2 Rh6 40. Kg1
Re6 41. Kf2 Nd6 42. Ra5 Kc6 43. Ra8 Nb6 44. Rh8 Kd5 45. Re3 Ne4+ 46. Kg2 Kc4
47. Re8 Nd5 48. Re2 Kd3 49. Ra2 Nef6 50. Rb8 Rxe1 51. Rxb5 Nxc3 52. Ra3 Nfe4
53. Rxf5 Bxb4 54. Ra7 Bd6 55. Rfa5 Re2+ 56. Kg1 Ke3 57. Re5 Bxe5 58. dxe5 Nd2
0-1

[Event "Chigorin Memorial"]
[Site "St Petersburg"]
[Date "2016.10.17"]
[Round "3.149"]
[White "Avalyan, Artur"]
[Black "Titievskaya, Elizaveta"]
[Result "1-0"]
[WhiteElo "2138"]
[BlackElo "1774"]
[PlyCount "93"]
[EventDate "2016.10.15"]
[EventType "swiss"]
[EventRounds "9"]
[EventCountry "RUS"]

1. d4 Nf6 2. c4 e6 3. Nc3 d5 4. cxd5 exd5 5. Bg5 Nbd7 6. e3 c6 7. Qc2 Be7 8.
Bd3 O-O 9. Nge2 Re8 10. O-O Nf8 11. f3 Be6 12. Rae1 Rc8 13. Kh1 Qc7 14. Bf4 Bd6
15. Bxd6 Qxd6 16. Ng3 b6 17. Qd2 c5 18. Bb1 Qd7 19. Rd1 Red8 20. Qe2 c4 21. Qc2
g6 22. e4 b5 23. e5 Ne8 24. Qd2 b4 25. Nce2 a5 26. f4 Bg4 27. f5 Ng7 28. Qg5
Bxe2 29. Nxe2 Qb5 30. Qe3 a4 31. h4 Ra8 32. f6 Nge6 33. h5 Ra7 34. hxg6 fxg6
35. Nf4 a3 36. Qh3 Qc6 37. b3 c3 38. Bc2 Rf7 39. Ne2 Qa6 40. Qe3 Qc8 41. Rf3
Nd7 42. Rh3 Ndf8 43. Rf1 Rc7 44. Qh6 Kf7 45. Nf4 Ra7 46. Nxe6 Qxe6 47. Qg7+ 1-0

[Event "Chigorin Memorial"]
[Site "St Petersburg"]
[Date "2016.10.17"]
[Round "3.150"]
[White "Pankova, Julia"]
[Black "Dmitriev, Vladimir"]
[Result "0-1"]
[WhiteElo "1745"]
[BlackElo "2081"]
[PlyCount "74"]
[EventDate "2016.10.15"]
[EventType "swiss"]
[EventRounds "9"]
[EventCountry "RUS"]

1. e4 c6 2. d4 d5 3. exd5 cxd5 4. Bd3 Nc6 5. c3 Nf6 6. Bf4 e6 7. Nf3 Bd6 8.
Bxd6 Qxd6 9. O-O Ne4 10. Nbd2 f5 11. Qe2 O-O 12. Rad1 Rf6 13. Rfe1 Rh6 14. Nf1
Bd7 15. Ne5 Rf8 16. f4 Nxe5 17. dxe5 Qe7 18. Qe3 b6 19. Bb1 Bb5 20. Bd3 Bc6 21.
Bb1 Kh8 22. Kh1 Rg8 23. Bxe4 fxe4 24. Qf2 g5 25. Ne3 Rf8 26. g3 gxf4 27. gxf4
Rh4 28. Rf1 Rh3 29. Qe2 Qh4 30. f5 Qg5 31. Ng2 Rxf5 32. Rxf5 exf5 33. Rf1 Qg3
34. Nf4 d4 35. c4 e3+ 36. Nd5 Qxe5 37. Qg2 Rh6 0-1

[Event "Chigorin Memorial"]
[Site "St Petersburg"]
[Date "2016.10.17"]
[Round "3.151"]
[White "Prishibilovich, Matvei"]
[Black "Kamnev, Alexander"]
[Result "0-1"]
[WhiteElo "1707"]
[BlackElo "2073"]
[PlyCount "120"]
[EventDate "2016.10.15"]
[EventType "swiss"]
[EventRounds "9"]
[EventCountry "RUS"]

1. d4 d5 2. c4 e6 3. Nc3 Be7 4. Nf3 Nf6 5. Bg5 h6 6. Bh4 O-O 7. e3 b6 8. cxd5
Nxd5 9. Nxd5 exd5 10. Bxe7 Qxe7 11. Be2 Be6 12. O-O c5 13. dxc5 bxc5 14. b3 Nd7
15. Rc1 a5 16. Bb5 Nb6 17. a4 Rfc8 18. Ne5 Bf5 19. Nd3 c4 20. Nf4 Qe5 21. bxc4
dxc4 22. Qd4 Qxd4 23. exd4 Rd8 24. Rfd1 Rac8 25. h4 g5 26. hxg5 hxg5 27. Nh3 f6
28. f3 Bd7 29. Rb1 Nxa4 30. Bxd7 Rxd7 31. Ra1 Nb2 32. Rdc1 Rxd4 33. Rxa5 c3 34.
Nf2 Nd3 35. Nxd3 Rxd3 36. Ra2 Kf7 37. Kf1 Ke6 38. Ke2 Rcd8 39. Rac2 Rd2+ 40.
Kf1 Rxc2 41. Rxc2 Rc8 42. Ke2 Ke5 43. Ke3 f5 44. g3 g4 45. f4+ Kd5 46. Kd3 Rc7
47. Rc1 c2 48. Kd2 Kd4 49. Rxc2 Rxc2+ 50. Kxc2 Ke3 51. Kc3 Kf3 52. Kd4 Kxg3 53.
Ke5 Kh4 54. Kxf5 g3 55. Ke6 g2 56. f5 g1=Q 57. f6 Qc5 58. Kf7 Kg5 59. Kg7 Qe5
60. Kh7 Qxf6 0-1

[Event "Chigorin Memorial"]
[Site "St Petersburg"]
[Date "2016.10.17"]
[Round "3.152"]
[White "Tsapalin, Sergey"]
[Black "Zolotyh, Lev"]
[Result "1-0"]
[WhiteElo "2060"]
[BlackElo "1767"]
[PlyCount "90"]
[EventDate "2016.10.15"]
[EventType "swiss"]
[EventRounds "9"]
[EventCountry "RUS"]

1. d4 d5 2. c4 c6 3. Nf3 Nf6 4. e3 Bf5 5. Nc3 e6 6. Nh4 Bg6 7. Nxg6 hxg6 8. Qb3
Qb6 9. g3 Nbd7 10. Bg2 Bd6 11. c5 Qxb3 12. axb3 Bc7 13. b4 O-O 14. b5 e5 15.
O-O Rfe8 16. Bd2 exd4 17. exd4 Ne4 18. Nxe4 dxe4 19. bxc6 bxc6 20. Ra6 Nb8 21.
Ra4 Re7 22. Rfa1 Bd8 23. Bf1 Rd7 24. Be3 f5 25. b4 Rb7 26. Bc4+ Kh7 27. d5 Bf6
28. Rc1 Rd7 29. dxc6 Nxc6 30. Bb5 Rc7 31. Bxc6 Rxc6 32. b5 Rcc8 33. c6 Rab8 34.
Rc5 Bd8 35. Rd5 Bb6 36. Bxb6 axb6 37. Ra7 Re8 38. Rdd7 Re5 39. Rxg7+ Kh6 40. h4
Kh5 41. Kg2 Rh8 42. Rab7 Rxb5 43. c7 Ra5 44. Rb8 Ra8 45. Rh7+ Rxh7 1-0

[Event "Chigorin Memorial"]
[Site "St Petersburg"]
[Date "2016.10.17"]
[Round "3.153"]
[White "Sinitsina, Anastassia"]
[Black "Glazov, Anatoly"]
[Result "1-0"]
[WhiteElo "2047"]
[BlackElo "1763"]
[PlyCount "93"]
[EventDate "2016.10.15"]
[EventType "swiss"]
[EventRounds "9"]
[EventCountry "RUS"]

1. e4 c5 2. Nf3 Nc6 3. d4 cxd4 4. Nxd4 Nf6 5. Nc3 a6 6. Nxc6 bxc6 7. e5 Ng8 8.
Bc4 Qa5 9. Qe2 g6 10. O-O Bg7 11. Re1 Nh6 12. Bd2 Qc7 13. Bf4 Qb6 14. Ne4 O-O
15. c3 Bb7 16. Qd2 Nf5 17. a4 a5 18. Ra3 Rad8 19. Rb3 Qa7 20. g4 Nh4 21. Qe3
Qa8 22. Bg5 Bxe5 23. Bxh4 d5 24. Nc5 dxc4 25. Rxb7 Bd6 26. Rd7 Qc8 27. Rxd8
Qxg4+ 28. Bg3 Rxd8 29. Ne4 Bb8 30. Qb6 Rc8 31. Qb7 Bd6 32. f3 Qf5 33. Nxd6 exd6
34. Bxd6 h5 35. Bg3 Qc5+ 36. Kg2 Rd8 37. Re2 Qg5 38. Qxc6 h4 39. Re8+ Kh7 40.
Rxd8 Qxd8 41. Qd6 Qe8 42. Bxh4 Qe2+ 43. Bf2 Qxb2 44. Qf6 Kg8 45. Qd8+ Kg7 46.
Qxa5 Qd2 47. Qe5+ 1-0

[Event "Chigorin Memorial"]
[Site "St Petersburg"]
[Date "2016.10.17"]
[Round "3.154"]
[White "Lapin, Nikita"]
[Black "Shinkevich, Maksim"]
[Result "0-1"]
[WhiteElo "1686"]
[BlackElo "1938"]
[PlyCount "96"]
[EventDate "2016.10.15"]
[EventType "swiss"]
[EventRounds "9"]
[EventCountry "RUS"]

1. e4 c5 2. Nf3 Nc6 3. Bb5 d6 4. Bxc6+ bxc6 5. O-O Bg4 6. h3 Bh5 7. c3 e5 8. d3
Be7 9. Be3 Nf6 10. Qa4 Qc7 11. Nbd2 O-O 12. Rfe1 Rfb8 13. Rab1 Nd7 14. Rec1 d5
15. Bg5 Bf8 16. a3 c4 17. exd5 cxd5 18. dxc4 Nc5 19. Qd1 dxc4 20. Qf1 Nd3 21.
Rd1 Nxb2 22. Re1 Bg6 23. Ra1 Bd3 24. Re2 Bxe2 25. Qxe2 Nd3 26. Qe4 Rc8 27. Rd1
Qc6 28. Ne1 Qxe4 29. Nxe4 h6 30. Bh4 f5 31. Nd2 g5 32. Bg3 e4 33. Nc2 Bc5 34.
Nd4 Bxd4 35. cxd4 c3 36. Nb3 c2 37. Rc1 Nxc1 38. Nxc1 f4 39. Bh2 Rab8 40. g3
Rb1 41. gxf4 Rxc1+ 42. Kg2 Rd1 43. fxg5 c1=Q 44. gxh6 Kh7 45. d5 Rg8+ 46. Bg3
Rg1+ 47. Kh2 Rh1+ 48. Kg2 Qf1# 0-1

[Event "Chigorin Memorial"]
[Site "St Petersburg"]
[Date "2016.10.17"]
[Round "3.155"]
[White "Vorobyova, Ekaterina"]
[Black "Mirzaeva, Gulnara"]
[Result "1/2-1/2"]
[WhiteElo "1668"]
[BlackElo "1919"]
[PlyCount "46"]
[EventDate "2016.10.15"]
[EventType "swiss"]
[EventRounds "9"]
[EventCountry "RUS"]

1. d4 d5 2. Nf3 Nf6 3. e3 e6 4. Bd3 Be7 5. O-O O-O 6. b3 a6 7. Bb2 b5 8. Nbd2
Nbd7 9. Ne5 Nxe5 10. dxe5 Nd7 11. f4 c5 12. Rf3 c4 13. Bxh7+ Kxh7 14. Rh3+ Kg8
15. Qh5 f5 16. Nf3 Qe8 17. Qh7+ Kf7 18. Qh5+ Kg8 19. Qh7+ Kf7 20. Qh5+ Kg8 21.
Qh7+ Kf7 22. Qh5+ Kg8 23. Qh7+ Kf7 1/2-1/2

[Event "Chigorin Memorial"]
[Site "St Petersburg"]
[Date "2016.10.17"]
[Round "3.156"]
[White "Tarnopolskiy, Lev"]
[Black "Yurasova, Daria"]
[Result "1-0"]
[WhiteElo "1913"]
[BlackElo "1757"]
[PlyCount "87"]
[EventDate "2016.10.15"]
[EventType "swiss"]
[EventRounds "9"]
[EventCountry "RUS"]

1. d4 Nf6 2. c4 e6 3. Nc3 Bb4 4. a3 Bxc3+ 5. bxc3 b6 6. Bg5 h6 7. Bh4 Bb7 8. e3
d6 9. Nf3 g5 10. Bg3 Ne4 11. Bd3 h5 12. Bxe4 Bxe4 13. h3 h4 14. Bh2 Qf6 15. Rg1
Bxf3 16. Qxf3 Qxf3 17. gxf3 f6 18. f4 gxf4 19. Bxf4 Kf7 20. Ke2 e5 21. Bh2 Nc6
22. Kd3 Rhg8 23. f3 Ne7 24. f4 Ke6 25. e4 c5 26. Rxg8 Rxg8 27. f5+ Kf7 28. Rg1
Rc8 29. d5 Rh8 30. Ke3 a6 31. a4 Rh5 32. Kf3 Ng8 33. Rb1 Nh6 34. Rxb6 Ke7 35.
Rxa6 Nf7 36. Ra7+ Kf8 37. a5 Ng5+ 38. Kg4 Rh6 39. a6 Nxe4 40. Rb7 Nf2+ 41. Kf3
Rh5 42. a7 Rxf5+ 43. Ke2 Nxh3 44. a8=Q# 1-0

[Event "Chigorin Memorial"]
[Site "St Petersburg"]
[Date "2016.10.17"]
[Round "3.157"]
[White "Pavlov, Mikhail"]
[Black "Lapushnian, Eran"]
[Result "1-0"]
[WhiteElo "1645"]
[BlackElo "1910"]
[PlyCount "75"]
[EventDate "2016.10.15"]
[EventType "swiss"]
[EventRounds "9"]
[EventCountry "RUS"]

1. e4 c5 2. Nf3 e6 3. d4 cxd4 4. Nxd4 a6 5. Nc3 Qc7 6. a3 Nf6 7. Be2 Be7 8. O-O
O-O 9. Kh1 b5 10. Bf3 Bb7 11. e5 Ne8 12. Bxb7 Qxb7 13. Qg4 d6 14. f4 Nd7 15.
Qg3 Rc8 16. Bd2 Rc4 17. Nb3 Qc7 18. Rae1 dxe5 19. Be3 e4 20. Nd2 Rc6 21. Ndxe4
Nef6 22. Bd4 Nh5 23. Qf3 Nxf4 24. Bf2 Ng6 25. Bg3 Qc8 26. Rd1 Nde5 27. Qh5 Nc4
28. Ng5 Bxg5 29. Qxg5 Nxb2 30. Rb1 Rxc3 31. Rxb2 Rxc2 32. Rb3 Qc6 33. Rbf3 Rc8
34. h4 Qe4 35. h5 R2c5 36. hxg6 Qxf3 37. Rxf3 Rxg5 38. gxf7+ 1-0

[Event "Chigorin Memorial"]
[Site "St Petersburg"]
[Date "2016.10.17"]
[Round "3.158"]
[White "Yaroslavtsev, Artem"]
[Black "Khochinsky, Andrey"]
[Result "1/2-1/2"]
[WhiteElo "1910"]
[BlackElo "1745"]
[PlyCount "66"]
[EventDate "2016.10.15"]
[EventType "swiss"]
[EventRounds "9"]
[EventCountry "RUS"]

1. e4 c5 2. b3 d6 3. Bb2 Nc6 4. Bb5 Bd7 5. Nc3 Nf6 6. f4 g6 7. Nd5 Bg7 8. Nxf6+
Bxf6 9. Bxf6 exf6 10. Nf3 O-O 11. O-O a6 12. Bc4 b5 13. Bd5 Rb8 14. c4 Ne7 15.
d3 Nxd5 16. exd5 Re8 17. Qd2 bxc4 18. dxc4 a5 19. Qc3 a4 20. Rfe1 axb3 21. axb3
Bg4 22. Nd2 f5 23. Nf1 Re4 24. h3 Rxe1 25. Rxe1 Bh5 26. Ng3 Qh4 27. Nxh5 gxh5
28. Qc1 Qf6 29. Qe3 Kg7 30. Qg3+ Qg6 31. Qc3+ Qf6 32. Qg3+ Qg6 33. Qc3+ Qf6
1/2-1/2

[Event "Chigorin Memorial"]
[Site "St Petersburg"]
[Date "2016.10.17"]
[Round "3.159"]
[White "Smorodkin, Kirill"]
[Black "Budnikova, Varvara"]
[Result "1-0"]
[WhiteElo "1627"]
[BlackElo "1906"]
[PlyCount "91"]
[EventDate "2016.10.15"]
[EventType "swiss"]
[EventRounds "9"]
[EventCountry "RUS"]

1. e4 c5 2. Nf3 Nc6 3. d4 cxd4 4. Nxd4 g6 5. Nc3 Bg7 6. Be3 Nf6 7. Nxc6 bxc6 8.
e5 Ng8 9. Bd4 Nh6 10. e6 O-O 11. Bxg7 Kxg7 12. Qd4+ Kg8 13. exd7 Qxd7 14. Qxd7
Bxd7 15. O-O-O Be6 16. f3 Nf5 17. Ba6 Rab8 18. Rhe1 h5 19. Na4 Rfd8 20. Nc5 Ng7
21. Bd3 g5 22. Be4 Rxd1+ 23. Rxd1 Rc8 24. Nxe6 Nxe6 25. Rd7 a6 26. Rxe7 Nf4 27.
g3 Ne2+ 28. Kd2 Nd4 29. c3 Ne6 30. Bf5 Rd8+ 31. Kc2 Ng7 32. Be4 Rd6 33. Rc7 f5
34. Bxc6 Ne6 35. Rc8+ Kg7 36. Ba4 f4 37. gxf4 Nxf4 38. Rc7+ Kf8 39. Rc6 Rd5 40.
Bb3 Re5 41. Bc4 Re3 42. Rc5 Nh3 43. Rf5+ Kg7 44. Bxa6 Kg6 45. Kd2 Re6 46. Bd3
1-0

[Event "Chigorin Memorial"]
[Site "St Petersburg"]
[Date "2016.10.17"]
[Round "3.160"]
[White "Koliadintcev, Igor"]
[Black "Kievelitz, Bernd"]
[Result "1/2-1/2"]
[WhiteElo "1614"]
[BlackElo "1897"]
[PlyCount "143"]
[EventDate "2016.10.15"]
[EventType "swiss"]
[EventRounds "9"]
[EventCountry "RUS"]

1. e4 c5 2. Nf3 e6 3. d4 cxd4 4. Nxd4 a6 5. Be3 Nf6 6. Nd2 Qc7 7. c3 d6 8. Be2
Be7 9. O-O Nbd7 10. f3 b5 11. Kh1 Bb7 12. Qc2 O-O 13. Rfd1 d5 14. exd5 Nxd5 15.
Bg1 N7f6 16. Bd3 Nf4 17. Be4 Nxe4 18. Nxe4 Rac8 19. Bf2 g6 20. Bg3 e5 21. Ne2
Nh5 22. Bf2 f5 23. N4g3 Nf6 24. Bg1 Rfd8 25. Nf1 Qc6 26. h3 Bc5 27. Qb3+ Kg7
28. Qc2 Bxg1 29. Kxg1 Qc5+ 30. Kh1 h5 31. Nd2 Qf2 32. Nf1 e4 33. Nd4 Qxc2 34.
Nxc2 exf3 35. Nfe3 fxg2+ 36. Kh2 Bf3 37. Rxd8 Rxd8 38. Nd4 Re8 39. Re1 Be4 40.
Rg1 g5 41. Nexf5+ Bxf5 42. Nxf5+ Kg6 43. Nd4 Re3 44. Kxg2 Ne4 45. Rf1 Rg3+ 46.
Kh2 Rd3 47. Re1 Rd2+ 48. Kg1 Nf2 49. Re6+ Kf7 50. Re3 Nd3 51. Rf3+ Kg6 52. b3
Nc1 53. a3 Ne2+ 54. Nxe2 Rxe2 55. Rd3 Kf5 56. Rf3+ Ke4 57. Rf6 Re3 58. Rxa6
Rxc3 59. Ra5 Rxb3 60. Kg2 Kf4 61. a4 Rb2+ 62. Kg1 b4 63. Rb5 g4 64. hxg4 hxg4
65. Rd5 b3 66. Rd4+ Kf3 67. Rd3+ Kf4 68. a5 g3 69. a6 Rb1+ 70. Kg2 Ra1 71. Rxb3
Rxa6 72. Rxg3 1/2-1/2

[Event "Chigorin Memorial"]
[Site "St Petersburg"]
[Date "2016.10.17"]
[Round "3.161"]
[White "Ageeva, Vasilisa"]
[Black "Kavyev, Ruslan"]
[Result "0-1"]
[WhiteElo "1556"]
[BlackElo "1890"]
[PlyCount "96"]
[EventDate "2016.10.15"]
[EventType "swiss"]
[EventRounds "9"]
[EventCountry "RUS"]

1. e4 c5 2. Nf3 d6 3. d4 cxd4 4. Nxd4 Nf6 5. Nc3 a6 6. Be3 e5 7. Nb3 Be6 8. Qd2
Nbd7 9. O-O-O Be7 10. f4 Ng4 11. g3 Nxe3 12. Qxe3 b5 13. Kb1 O-O 14. f5 Bc4 15.
g4 Nb6 16. Bd3 Qc7 17. Nd2 b4 18. Nxc4 Nxc4 19. Bxc4 bxc3 20. Qxc3 Rfc8 21. b3
a5 22. Qd3 a4 23. Qd5 Bf8 24. g5 Ra5 25. Qd3 Kh8 26. g6 fxg6 27. fxg6 Rc5 28.
Rd2 Qa5 29. Rf2 Be7 30. Rf7 Rxc4 31. bxc4 Qb4+ 32. Kc1 Bg5+ 33. Kd1 Qb1+ 34.
Ke2 Qxh1 35. Qh3 Qxe4+ 36. Kd1 Qd4+ 37. Ke2 Qxc4+ 38. Ke1 Qh4+ 39. Qxh4 Bxh4+
40. Kd2 hxg6 41. Rd7 Kg8 42. Rxd6 Rd8 43. Rxd8+ Bxd8 44. Ke3 Kf7 45. Ke4 Ke6
46. c3 Bb6 47. c4 Bd4 48. h3 g5 0-1

[Event "Chigorin Memorial"]
[Site "St Petersburg"]
[Date "2016.10.17"]
[Round "3.162"]
[White "Mukhtarova, Anastasiia"]
[Black "Zakharov, Yuri"]
[Result "0-1"]
[WhiteElo "1869"]
[BlackElo "1689"]
[PlyCount "116"]
[EventDate "2016.10.15"]
[EventType "swiss"]
[EventRounds "9"]
[EventCountry "RUS"]

1. c4 e5 2. Nc3 Nc6 3. Nf3 f5 4. d3 Nf6 5. g3 Bb4 6. Bd2 O-O 7. Bg2 d6 8. O-O
Ne7 9. Qc2 a6 10. a3 Bc5 11. b4 Ba7 12. c5 Kh8 13. cxd6 cxd6 14. b5 axb5 15.
Nxb5 Bb6 16. Bb4 Ne8 17. Nd2 Nc6 18. Nc4 Nxb4 19. axb4 Rb8 20. Rfc1 Be6 21. Na5
Bxf2+ 22. Kxf2 Qb6+ 23. d4 Qxb5 24. dxe5 Qxe5 25. Bxb7 Qb5 26. Bg2 Qb6+ 27. e3
f4 28. gxf4 Rxf4+ 29. Kg1 Qxe3+ 30. Kh1 Rc8 31. Qb2 Rxc1+ 32. Rxc1 Rxb4 33. Qc2
Nf6 34. Qc7 h6 35. Rf1 Rf4 36. Rb1 Bd5 37. Qc8+ Kh7 38. Qc2+ Be4 39. Bxe4+ Nxe4
40. Nc4 Qf3+ 41. Qg2 Qxg2+ 42. Kxg2 d5 43. Nb6 Rf2+ 44. Kg1 Rd2 45. Re1 Ng5 46.
Re3 d4 47. Rb3 d3 48. Nc4 Nf3+ 49. Kf1 Nxh2+ 50. Ke1 Rc2 51. Nb2 Nf3+ 52. Kd1
Nd4 53. Nxd3 Nxb3 54. Kxc2 Nd4+ 55. Kc3 Ne6 56. Nf2 g5 57. Kd3 Kg6 58. Ke3 Kf5
0-1

[Event "Chigorin Memorial"]
[Site "St Petersburg"]
[Date "2016.10.17"]
[Round "3.163"]
[White "Tikholiz, Sergei"]
[Black "Nuritdinov, Nizomiddin"]
[Result "1/2-1/2"]
[WhiteElo "1522"]
[BlackElo "1865"]
[PlyCount "137"]
[EventDate "2016.10.15"]
[EventType "swiss"]
[EventRounds "9"]
[EventCountry "RUS"]

1. Nf3 d5 2. e3 Nf6 3. b3 c5 4. Ne5 Nc6 5. Bb5 Bd7 6. Bxc6 Bxc6 7. Bb2 e6 8.
O-O Bd6 9. f4 Qc7 10. d3 O-O-O 11. Nd2 b6 12. a4 a5 13. c4 Bb7 14. Qe2 Rhg8 15.
Ndf3 h6 16. Rad1 Kb8 17. d4 Ne4 18. Nd2 Nxd2 19. Rxd2 Bxe5 20. fxe5 dxc4 21.
bxc4 f5 22. dxc5 Rxd2 23. Qxd2 Rd8 24. cxb6 Rxd2 25. bxc7+ Kxc7 26. Rf2 Rd1+
27. Rf1 Rxf1+ 28. Kxf1 Ba6 29. Ke1 Bxc4 30. Bc3 Kb6 31. Bd4+ Ka6 32. Bc5 h5 33.
h4 Bb3 34. Kd2 Bxa4 35. Kc3 Bc6 36. g3 Kb5 37. Bf8 g6 38. Kb3 Bf3 39. Bh6 Bd1+
40. Ka3 Kc4 41. Bg5 Kd3 42. Bf4 Kc3 43. Bh6 a4 44. Bg5 Bc2 45. Be7 Kc4 46. Bg5
Bd1 47. Bf4 Kc5 48. Bg5 Bb3 49. Bh6 Kd5 50. Bf4 Bd1 51. Kb4 Ke4 52. Ka3 Kd3 53.
Kb2 Kc4 54. Ka3 Bb3 55. Bg5 Kc3 56. Be7 f4 57. gxf4 Kd3 58. Bc5 Ke4 59. Be7
Kxe3 60. Bg5 Ke4 61. Kb2 Kd5 62. Ka3 Kc4 63. Bh6 Kd4 64. Bg5 Kd5 65. Kb2 Kc5
66. Ka3 Kd4 67. Kb2 Kd3 68. Ka3 Kc3 69. Bh6 1/2-1/2

[Event "Chigorin Memorial"]
[Site "St Petersburg"]
[Date "2016.10.17"]
[Round "3.164"]
[White "Shapiyanov, Adam"]
[Black "Tsarkov, Mikhail"]
[Result "1-0"]
[WhiteElo "1857"]
[BlackElo "1636"]
[PlyCount "103"]
[EventDate "2016.10.15"]
[EventType "swiss"]
[EventRounds "9"]
[EventCountry "RUS"]

1. e4 c6 2. d4 d5 3. Nd2 dxe4 4. Nxe4 Bf5 5. Ng3 Bg6 6. Nf3 e6 7. h4 h6 8. h5
Bh7 9. Bd3 Bxd3 10. Qxd3 Nf6 11. Bf4 Nd5 12. Bd2 Nd7 13. O-O-O Qc7 14. Kb1
O-O-O 15. c4 N5f6 16. Qe2 Bd6 17. Ne4 Nxe4 18. Qxe4 Nf6 19. Qe2 Rhe8 20. Ne5
Bxe5 21. dxe5 Nd7 22. Bc3 Nc5 23. Bd4 Na6 24. a3 c5 25. Bc3 Qc6 26. f4 Qa4 27.
g4 Nb8 28. Ka2 Nc6 29. b3 Qa6 30. Kb2 Qb6 31. Rh3 Rxd1 32. Qxd1 Na5 33. Ka2 Nc6
34. Rd3 Rd8 35. Rd6 Qc7 36. Kb2 Qe7 37. b4 cxb4 38. axb4 Re8 39. b5 Nb8 40. c5
Qc7 41. Bb4 b6 42. c6 a6 43. Qa1 Rg8 44. Qa4 g6 45. bxa6 Qa7 46. hxg6 Rxg6 47.
c7 Kxc7 48. Qe8 Qxa6 49. Qe7+ Nd7 50. Qxd7+ Kb8 51. Qd8+ Kb7 52. Qe7+ 1-0

[Event "Chigorin Memorial"]
[Site "St Petersburg"]
[Date "2016.10.17"]
[Round "3.165"]
[White "Serov, Aleksandr"]
[Black "Don, Aleksandr"]
[Result "0-1"]
[WhiteElo "1505"]
[BlackElo "1856"]
[PlyCount "160"]
[EventDate "2016.10.15"]
[EventType "swiss"]
[EventRounds "9"]
[EventCountry "RUS"]

1. d4 Nf6 2. c4 e6 3. Nc3 d5 4. cxd5 exd5 5. Bg5 Be7 6. e3 O-O 7. Nf3 Bf5 8.
Bd3 Bxd3 9. Qxd3 c6 10. O-O Nbd7 11. Nd2 Re8 12. f3 Qb6 13. Nb3 a5 14. Rab1 a4
15. Nd2 Qa7 16. Kh1 Rad8 17. Rfd1 b5 18. Nf1 Ng4 19. fxg4 Bxg5 20. Re1 Nf6 21.
h3 b4 22. Nd1 Ne4 23. Re2 Rd6 24. Nf2 Rde6 25. Nxe4 Rxe4 26. Rbe1 Bh4 27. Rc1
Qb6 28. Nd2 R4e6 29. Nf3 Bg3 30. Rf1 f6 31. g5 Bb8 32. gxf6 Rxf6 33. Nh2 Qc7
34. Nf3 Qg3 35. Kg1 Re4 36. Qd2 Rh4 37. Qe1 Rxh3 38. Qxg3 Rxg3 39. e4 dxe4 40.
Rxe4 Ba7 41. Kf2 Rg5 42. Rfe1 Rd5 43. Ke3 c5 44. dxc5 Bxc5+ 45. Ke2 h5 46. Kf1
g5 47. Re5 Rf5 48. Rxd5 Rxd5 49. Re5 Rxe5 50. Nxe5 Bd4 51. Nc6 Bc5 52. Ne5 Bd6
53. Nc4 Bc5 54. Ne5 Bd6 55. Nc4 Bc7 56. b3 a3 57. Ke2 Kf7 58. Kf3 g4+ 59. Kf2
Ke6 60. Ne3 Bb6 61. Ke2 Bxe3 62. Kxe3 Kd5 63. g3 Ke5 64. Kd3 Kf5 65. Kd4 Kg5
66. Ke3 h4 67. Kf2 h3 68. Kf1 Kf5 69. Kf2 Ke4 70. Kg1 Kf3 71. Kh2 Kf2 72. Kh1
Kxg3 73. Kg1 Kf3 74. Kh2 g3+ 75. Kh1 g2+ 76. Kg1 h2+ 77. Kxh2 Kf2 78. Kh3 g1=Q
79. Kh4 Qg6 80. Kh3 Qg3# 0-1

[Event "Chigorin Memorial"]
[Site "St Petersburg"]
[Date "2016.10.17"]
[Round "3.166"]
[White "Sanarov, Leonid"]
[Black "Kundianok, Vladislav"]
[Result "1-0"]
[WhiteElo "1852"]
[BlackElo "1616"]
[PlyCount "97"]
[EventDate "2016.10.15"]
[EventType "swiss"]
[EventRounds "9"]
[EventCountry "RUS"]

1. c4 e5 2. g3 Nf6 3. Bg2 d5 4. cxd5 Nxd5 5. Nc3 Nb6 6. Nf3 Nc6 7. O-O Be7 8.
a3 g5 9. h3 h5 10. Nh2 Be6 11. e4 Bc4 12. Re1 Nd4 13. Re3 Bb3 14. Qf1 c6 15.
Rb1 Nc4 16. Re1 Nc2 17. Rd1 Nd4 18. Re1 Nb6 19. f4 gxf4 20. gxf4 Bh4 21. Re3
Nc4 22. Rd3 Bc2 23. Kh1 Bxd3 24. Qxd3 Nb6 25. fxe5 Ne6 26. Qf1 Qe7 27. b4 Bg3
28. Nf3 O-O-O 29. b5 c5 30. a4 Nd4 31. a5 Nd7 32. Nd5 Qf8 33. Nxd4 cxd4 34.
Qc4+ Qc5 35. Qd3 Nxe5 36. Qxg3 Nc4 37. h4 Qd6 38. Qxd6 Nxd6 39. d3 Rhg8 40.
Ne7+ Kd7 41. Nxg8 Rxg8 42. Bf4 Ke7 43. Bh3 Rg6 44. Be5 f6 45. Bxd4 Rg3 46. Bg2
Rxd3 47. Bxa7 Ra3 48. Bc5 Rxa5 49. Rd1 1-0